Bladee Songs - Sudden Death - Statistics

General Stats
  • This quiz has been taken 959 times
  • The average score is 8 of 18
Answers on the Grid
Answers color-coded by a green-red scale on the quiz's grid according to % correct below.
Victim
Be Nice 2 Me
Lip Service
Wrong
Kyoto
Obedient
OKK
Yoshi City
Miami Ultras
Deletee
BBY
In The Flesh
The Flag is Raised
Peroxide
Into Dust
Safehouse
Nosebleed
First Crush
GT-R
1:1
Kiss Me Through the Scope
egobaby
Dreamworld
Angel
Calcium
Special Place
I Think...
LUCKY LUKE
3 Star Reunite
Bliss
Security!
Reality Surf
TL;DR
Diamonds
Nervous
Obsessed with Death
 
Answer Stats
Answer % Correct
Be Nice 2 Me
57%
Reality Surf
56%
Obedient
55%
egobaby
51%
Into Dust
51%
The Flag is Raised
51%
TL;DR
51%
BBY
48%
Deletee
47%
I Think...
46%
LUCKY LUKE
43%
OKK
42%
Special Place
40%
Safehouse
38%
Victim
37%
Obsessed with Death
35%
First Crush
24%
3 Star Reunite
23%
No matching quizzes found
Score Distribution
Percent of People with Each Score
Percentile by Number Answered
Your Score History
You have not taken this quiz